Snakes of Zimbabwe / (Record no. 101580)

MARC details
000 -LEADER
fixed length control field 00985nam a2200313 a 4500
008 - FIXED-LENGTH DATA ELEMENTS--GENERAL INFORMATION
fixed length control field
020 ## - INTERNATIONAL STANDARD BOOK NUMBER
International Standard Book Number 0582641616 (pbk.)
049 ## - LOCAL HOLDINGS (OCLC)
Holding library MAIN
090 00 - LOCALLY ASSIGNED LC-TYPE CALL NUMBER (OCLC); LOCAL CALL NUMBER (RLIN)
Classification number (OCLC) (R) ; Classification number, CALL (RLIN) (NR) QL666.O6
003 - CONTROL NUMBER IDENTIFIER
control field
005 - DATE AND TIME OF LATEST TRANSACTION
control field 20230120193557.0
040 ## - CATALOGING SOURCE
Transcribing agency NUST
100 1# - MAIN ENTRY--PERSONAL NAME
Personal name Broadley, Donald G.
245 10 - TITLE STATEMENT
Title Snakes of Zimbabwe /
Statement of responsibility, etc. D.G. Broadley and E.V. Cock.
250 ## - EDITION STATEMENT
Edition statement Rev. ed.
260 ## - PUBLICATION, DISTRIBUTION, ETC.
Place of publication, distribution, etc. Harare :
Name of publisher, distributor, etc. Longman Zimbabwe,
Date of publication, distribution, etc. 1989.
300 ## - PHYSICAL DESCRIPTION
Extent 152 p., [24] p. of plates :
Other physical details ill. (some col.), maps ;
Dimensions 22 cm.
440 #0 - SERIES STATEMENT/ADDED ENTRY--TITLE
Title Bundu series.
500 ## - GENERAL NOTE
General note Rev. ed. of: Snakes of Rhodesia. 1975.
504 ## - BIBLIOGRAPHY, ETC. NOTE
Bibliography, etc. note Includes bibliographical references: p. 134-135.
500 ## - GENERAL NOTE
General note Includes index.
650 #0 - SUBJECT ADDED ENTRY--TOPICAL TERM
Topical term or geographic name entry element Snakes
Geographic subdivision Zimbabwe.
650 #0 - SUBJECT ADDED ENTRY--TOPICAL TERM
Topical term or geographic name entry element Snakes
Geographic subdivision Zimbabwe
General subdivision Identification.
650 #0 - SUBJECT ADDED ENTRY--TOPICAL TERM
Topical term or geographic name entry element Reptiles
Geographic subdivision Zimbabwe.
700 1# - ADDED ENTRY--PERSONAL NAME
Personal name Cock, E. V.
700 1# - ADDED ENTRY--PERSONAL NAME
Personal name Broadley, Donald G.
Title of a work Snakes of Rhodesia.
907 ## - LOCAL DATA ELEMENT G, LDG (RLIN)
a .b10141534
b 02-12-04
c 02-12-04
942 ## - ADDED ENTRY ELEMENTS (KOHA)
Koha item type Ordinary Loan Books
Call number prefix QL666.O6
Holdings
Date last seen Total Checkouts Full call number Barcode Accession number Cost, replacement price Price effective from Koha item type Public note Lost status Source of classification or shelving scheme Damaged status Not for loan Collection Withdrawn status Home library Current library Shelving location Date acquired Source of acquisition Cost, normal purchase price
01/20/2023 11 QA401 KRE 92003029446 16170 30.00 05/16/2023 BOOKS-SL Donation   LCC     NFIC   MAIN MAIN GEN 05/16/2023 Book Aid International 30.00